Geothermal resources (Record no. 756472)

MARC details
000 -LEADER
fixed length control field 00334 a2200133 4500
020 ## - INTERNATIONAL STANDARD BOOK NUMBER
ISBN 9789362244185
084 ## - OTHER CLASSIFICATION NUMBER
Source of Number CC
Classification number D6940bG:55
100 ## - MAIN ENTRY--AUTHOR NAME
Personal name ABHIJEET SHEOREY, Ed
245 ## - TITLE STATEMENT
Title Geothermal resources
260 ## - PUBLICATION, DISTRIBUTION, ETC. (IMPRINT)
Name of publisher Discovery publishing house,
Year of publication 2025,
Place of publication Delhi
300 ## - PHYSICAL DESCRIPTION
Number of Pages 249p.
942 ## - ADDED ENTRY ELEMENTS (KOHA)
Koha item type Book
Source of classification or shelving scheme Colon Classification
Holdings
Withdrawn status Lost status Source of classification or shelving scheme Damaged status Not for loan Home Library Current Location Shelving location Date acquired Source of acquisition Cost, normal purchase price Full call number Accession Number Cost, replacement price Price effective from Koha item type
    Colon Classification     Kerala University Library Kerala University Library General Stacks 23/02/2026 60 1950.00 D6940bG:55 R5 326237 2600.00 23/02/2026 General